| 000 -ლიდერი |
| ფიქსირებული სიგრძის საკონტროლო ველი |
01455nam a2200241Ia 4500 |
| 001 - საკონტროლო ნომერი |
| საკონტროლო ველი |
22690 |
| 003 - საკონტროლო ნომრის იდენტიფიკატორი |
| საკონტროლო ველი |
GE_BSU |
| 005 - ბოლო ოპერაციის თარიღი და დრო |
| საკონტროლო ველი |
20230418155102.0 |
| 008 - ფიქსირებული სიგრძის მონაცემთა ელემენტები - ზოგადი ინფორმაცია |
| ფიქსირებული სიგრძის საკონტროლო ველი |
181216s2012||||ge |||||||||||||| ||geo|| |
| 020 ## - წიგნის საერთაშორისო სტანდარტული ნომერი |
| International Standard Book Number |
9789941923722 |
| 040 ## - კატალოგიზაციის წყარო |
| Transcribing agency |
GE_BSU |
| 041 ## - ენის კოდი |
| Language code of text/sound track or separate title |
geo |
| 080 ## - უნივერსალური ათობითი კლასიფიკაციის ინდექსი |
| Universal Decimal Classification number |
371.12 მ-81 |
| 245 ## - ცნობა სათაურის შესახებ |
| Title |
მოვემზადოთ მასწავლებელთა სასერტიფიკაციო გამოცდებისთვის : ქართული ენა, მათემატიკა, გეოგრაფია, ბიოლოგია, ფიზიკა, ქიმია : დაწყებითი კლასების მასწავლებლებისთვის / |
| Remainder of title |
[იდეის ავტ. მანანა ბოჭორიშვილი ; წიგნზე მუშაობდნენ : ნათია ხაზარაძე [და სხვ.] ; რედ. მანანა ბალიაშვილი]. |
| 250 ## - გამოცემის ცნობა |
| Edition statement |
მე-2 გამოცემა |
| 264 ## - წარმოების, გამოცემის, დისტრიბუციის და სხვა ცნობები |
| გამოცემის, წარმოების, დისტრიბუციის... ადგილი |
[თბ.] : |
| გამოცემის, წარმოების, დისტრიბუციის... სახელწოდება |
უსტარი, |
| გამოცემის, წარმოების, დისტრიბუციის... თარიღი |
[2012]. |
| 300 ## - ფიზიკური აღწერა |
| Extent |
300 გვ. ; |
| Dimensions |
24 სმ. |
| 653 ## - INDEX TERM--UNCONTROLLED |
| Uncontrolled term |
მასწავლებელთა სასერტიფიკაციო გამოცდები |
| 653 ## - INDEX TERM--UNCONTROLLED |
| Uncontrolled term |
პედაგოგიკა |
| 700 ## - ADDED ENTRY--PERSONAL NAME |
| Personal name |
ბალიაშვილი, მანანა |
| Relator term |
რედაქტორი |
| 9 (RLIN) |
1339 |
| 942 ## - ADDED ENTRY ELEMENTS (KOHA) |
| Koha item type |
წიგნი |
| Source of classification or shelving scheme |
|